Graduate Aptitude Test in Engineering Gate Computer Science and Information Technology/ (Record no. 88814)

MARC details
000 -LEADER
fixed length control field 00848nam a22002177a 4500
005 - DATE AND TIME OF LATEST TRANSACTION
control field 20170706095840.0
010 ## - LCCN (DPL NO)
LC control number BAC-EN21
020 ## - INTERNATIONAL STANDARD BOOK NUMBER
International Standard Book Number 9788121932110
Terms of availability 495.00
035 ## - SYSTEM CONTROL NUMBER
System control number B-589280-309
035 ## - SYSTEM CONTROL NUMBER
System control number B-668091
037 ## - SOURCE OF ACQUISITION
Stock number Techniz/Ven
Source of stock number/acquisition dpl
082 ## - DEWEY DECIMAL CLASSIFICATION NUMBER
Classification number 005
100 ## - MAIN ENTRY--PERSONAL NAME
Personal name Nagpal, D.P.
245 ## - TITLE STATEMENT
Title Graduate Aptitude Test in Engineering Gate Computer Science and Information Technology/
Statement of responsibility, etc by D.P.Nagpal
260 ## - PUBLICATION, DISTRIBUTION, ETC. (IMPRINT)
Place of publication, distribution, etc New Delhi
Name of publisher, distributor, etc S.Chand & Company
Date of publication, distribution, etc 2013
270 ## - ADDRESS
Address 7361, Ram Nagar
City New Delhi
Postal code 110055
300 ## - PHYSICAL DESCRIPTION
Extent 765p.
Other physical details ill.
Dimensions 22cm(pbk)
942 ## - ADDED ENTRY ELEMENTS (KOHA)
Source of classification or shelving scheme Dewey Decimal Classification
Item type English Books
Classification part 005
Call number suffix NAG
Holdings
Withdrawn status Lost status Not for loan Collection code Home library Current library Date acquired Source of acquisition Cost, normal purchase price Full call number Barcode Copy number Cost, replacement price Koha item type
      Non-fiction Andrews Gunj Andrews Gunj 12/03/2015 Techniz Books/TZ-14199/23.12.2014/189/08.12.2014/15.01.201 495.00 005 NAG B-589293 1 495.00 English Books
      Non-fiction Ashok Vihar Ashok Vihar 06/07/2017 BPPD/EN/2014-15/AV/16-17/434/15.2.2017/17435/24.2.2017/ 18.3.2017 495.00 005 NAG B-668091 1 495.00 English Books
  Written-off vide DLB M. No. 383 dt 16.05.19   Non-fiction Bagh Kadhe Khan Bagh Kadhe Khan 12/03/2015 Techniz Books/TZ-14199/23.12.2014/189/08.12.2014/15.01.201 495.00 005 NAG B-589299 1 495.00 English Books
      Non-fiction Bawana Bawana 12/03/2015 Techniz Books/TZ-14199/23.12.2014/189/08.12.2014/15.01.201 495.00 005 NAG B-589297 1 495.00 English Books
      Non-fiction Bawana Bawana 12/03/2015 Techniz Books/TZ-14199/23.12.2014/189/08.12.2014/15.01.201 495.00 005 NAG B-589301 1 495.00 English Books
      Non-fiction Central Jail Tihar Central Jail Tihar 12/03/2015 Techniz Books/TZ-14199/23.12.2014/189/08.12.2014/15.01.201 495.00 005 NAG B-589289 1 495.00 English Books
      Non-fiction Central Library Central Library 12/03/2015 Techniz Books/TZ-14199/23.12.2014/189/08.12.2014/15.01.201 495.00 005 NAG B-589280 1 495.00 English Books
    Not For Loan Reference Central Library Central Library 12/03/2015 Techniz Books/TZ-14199/23.12.2014/189/08.12.2014/15.01.201 495.00 005 NAG B-589281 1 495.00 English Books
      Non-fiction Diz Area Diz Area 12/03/2015 Techniz Books/TZ-14199/23.12.2014/189/08.12.2014/15.01.201 495.00 005 NAG B-589290 1 495.00 English Books
      Non-fiction Janak Puri Janak Puri 12/03/2015 Techniz Books/TZ-14199/23.12.2014/189/08.12.2014/15.01.201 495.00 005 NAG B-589291 1 495.00 English Books
      Non-fiction Kadipur Kadipur 12/03/2015 Techniz Books/TZ-14199/23.12.2014/189/08.12.2014/15.01.201 495.00 005 NAG B-589304 1 495.00 English Books
      Non-fiction Kasturba Gandhi Marg Kasturba Gandhi Marg 12/03/2015 Techniz Books/TZ-14199/23.12.2014/189/08.12.2014/15.01.201 495.00 005 NAG B-589286 1 495.00 English Books
      Non-fiction Katevara Katevara 12/03/2015 Techniz Books/TZ-14199/23.12.2014/189/08.12.2014/15.01.201 495.00 005 NAG B-589302 1 495.00 English Books
      Non-fiction Mobile Library Mobile Library 12/03/2015 Techniz Books/TZ-14199/23.12.2014/189/08.12.2014/15.01.201 495.00 005 NAG B-589282 3 495.00 English Books
  Written-off vide DLB M. No. 383 dt 16.05.19   Non-fiction Mobile Library Mobile Library 12/03/2015 Techniz Books/TZ-14199/23.12.2014/189/08.12.2014/15.01.201 495.00 005 NAG B-589283 3 495.00 English Books
      Non-fiction Mobile Library Mobile Library 12/03/2015 Techniz Books/TZ-14199/23.12.2014/189/08.12.2014/15.01.201 495.00 005 NAG B-589284 3 495.00 English Books
      Non-fiction Mundaka Mundaka 12/03/2015 Techniz Books/TZ-14199/23.12.2014/189/08.12.2014/15.01.201 495.00 005 NAG B-589303 1 495.00 English Books
      Non-fiction Narela Narela 12/03/2015 Techniz Books/TZ-14199/23.12.2014/189/08.12.2014/15.01.201 495.00 005 NAG B-589300 1 495.00 English Books
      Non-fiction New Rohtak Road New Rohtak Road 12/03/2015 Techniz Books/TZ-14199/23.12.2014/189/08.12.2014/15.01.201 495.00 005 NAG B-589298 1 495.00 English Books
      Non-fiction Patel Nagar Patel Nagar 12/03/2015 Techniz Books/TZ-14199/23.12.2014/189/08.12.2014/15.01.201 495.00 005 NAG B-589285 1 495.00 English Books
      Non-fiction Peshwa Road Peshwa Road 12/03/2015 Techniz Books/TZ-14199/23.12.2014/189/08.12.2014/15.01.201 495.00 005 NAG B-589287 1 495.00 English Books
      Non-fiction R.C.Libraries (BL-III) R.C.Libraries (BL-III) 12/03/2015 Techniz Books/TZ-14199/23.12.2014/189/08.12.2014/15.01.201 495.00 005 NAG B-589307 3 495.00 English Books
      Non-fiction R.C.Libraries (BL-III) R.C.Libraries (BL-III) 12/03/2015 Techniz Books/TZ-14199/23.12.2014/189/08.12.2014/15.01.201 495.00 005 NAG B-589308 3 495.00 English Books
      Non-fiction R.C.Libraries (BL-III) R.C.Libraries (BL-III) 12/03/2015 Techniz Books/TZ-14199/23.12.2014/189/08.12.2014/15.01.201 495.00 005 NAG B-589309 3 495.00 English Books
      Non-fiction Sarojini Nagar Sarojini Nagar 12/03/2015 Techniz Books/TZ-14199/23.12.2014/189/08.12.2014/15.01.201 495.00 005 NAG B-589292 1 495.00 English Books
      Non-fiction Sarojini Nagar Sarojini Nagar 12/03/2015 Techniz Books/TZ-14199/23.12.2014/189/08.12.2014/15.01.201 495.00 005 NAG B589295 1 495.00 English Books
      Non-fiction Shahdara Branch Shahdara Branch 12/03/2015 Techniz Books/TZ-14199/23.12.2014/189/08.12.2014/15.01.201 495.00 005 NAG B-589305 1 495.00 English Books
      Non-fiction Sriniwas Puri Sriniwas Puri 12/03/2015 Techniz Books/TZ-14199/23.12.2014/189/08.12.2014/15.01.201 495.00 005 NAG B-589294 1 495.00 English Books
      Non-fiction Tri Nagar Tri Nagar 12/03/2015 Techniz Books/TZ-14199/23.12.2014/189/08.12.2014/15.01.201 495.00 005 NAG B-589288 1 495.00 English Books
      Non-fiction Vinoba Puri Vinoba Puri 12/03/2015 Techniz Books/TZ-14199/23.12.2014/189/08.12.2014/15.01.201 495.00 005 NAG B-589296 1 495.00 English Books
      Non-fiction Yojana Vihar Yojana Vihar 12/03/2015 Techniz Books/TZ-14199/23.12.2014/189/08.12.2014/15.01.201 495.00 005 NAG B-589306 1 495.00 English Books

© Delhi Public Library
Hit Counter
free hit counter